000 00332nam a22001217a 4500
008 181123b xxu||||| |||| 00| 0 eng d
041 _aeng
080 _a043.3
100 _a0
101 _aBTH-SHKI
245 _aBlockchain si nje revolucion teknologjik ne fushen e Transaksioneve dhe Kriptovalutave
_cNagavci, B
942 _2udc
_cBK
999 _c52447
_d52447